[Event "LSS No Engine Cup 25 Preliminary 6"]
[Site "LSS email"]
[Date "2010.07.22"]
[Round "?"]
[White "MacGabhain, Gearoid"]
[Black "Potemri, Stefan"]
[Result "0-1"]
[WhiteElo "1338"]
[BlackElo "1421"]
[PlyCount "43"]
[EventDate "2010.07.23"]
[EventType "tourn (corr)"]
[EventRounds "6"]
[EventCountry "GER"]
[SourceTitle "Telechess CBM 143"]
[Source "ChessBase"]
[SourceDate "2011.07.15"]
[SourceVersion "1"]
[SourceVersionDate "2011.07.15"]
[SourceQuality "1"]

1. e4 e5 2. f4 d5 3. exd5 e4 4. Nc3 Nf6 5. Qe2 Be7 6. d3 exd3 7. Qxd3 Na6 8. a3 0-0 9. Be3 Bc5 10. 0-0-0 Bf5 11. Qxf5 Bxe3+ 12. Kb1 g6 13. Qg5 Nc5 14. Qg3 Re8 15. Bb5 Re7 16. Nh3 a6 17. Bd3 Qd6 18. Rhf1 Qb6 19. f5 Bd4 20. fxg6 Bxc3 21. gxh7+ Kh8 22. b3 0-1

[Event "LSS No Engine Cup 25 Preliminary 6"]
[Site "LSS email"]
[Date "2010.07.22"]
[Round "?"]
[White "Neumann, Ulrich"]
[Black "MacGabhain, Gearoid"]
[Result "1/2-1/2"]
[WhiteElo "1516"]
[BlackElo "1703"]
[PlyCount "37"]
[EventDate "2010.07.23"]
[EventType "tourn (corr)"]
[EventRounds "6"]
[EventCountry "GER"]
[SourceTitle "Telechess CBM 143"]
[Source "ChessBase"]
[SourceDate "2011.07.15"]
[SourceVersion "1"]
[SourceVersionDate "2011.07.15"]
[SourceQuality "1"]

1. e4 e6 2. d4 d5 3. exd5 exd5 4. Bd3 Bd6 5. Ne2 Nf6 6. Bf4 Bxf4 7. Nxf4 Qe7+ 8. Qe2 Nc6 9. c3 Qxe2+ 10. Nxe2 0-0 11. Na3 Re8 12. Kd2 a6 13. Rae1 Bd7 14. f3 h5 15. Nc1 Rxe1 16. Rxe1 Re8 17. Nb3 Rxe1 18. Kxe1 a5 19. g3 1/2-1/2

[Event "LSS No Engine Cup 25 Preliminary 6"]
[Site "LSS email"]
[Date "2010.07.22"]
[Round "?"]
[White "Rice, Duncan"]
[Black "MacGabhain, Gearoid"]
[Result "0-1"]
[WhiteElo "766"]
[BlackElo "1338"]
[PlyCount "38"]
[EventDate "2010.07.23"]
[EventType "tourn (corr)"]
[EventRounds "6"]
[EventCountry "GER"]
[SourceTitle "Telechess CBM 147"]
[Source "ChessBase"]
[SourceDate "2012.03.16"]
[SourceVersion "1"]
[SourceVersionDate "2012.03.16"]
[SourceQuality "1"]

1. e4 c5 2. Nf3 Nc6 3. Bc4 e6 4. 0-0 a6 5. a3 b5 6. Ba2 Bb7 7. d3 Qc7 8. Be3 Nf6 9. h3 Be7 10. Nbd2 d5 11. exd5 Nxd5 12. Re1 0-0 13. Bxd5 exd5 14. d4 c4 15. c3 a5 16. Nh2 b4 17. axb4 axb4 18. Qg4 f5 19. Qf4 Bd6 0-1

[Event "OP-2010-0-01201"]
[Site "LSS email"]
[Date "2010.07.07"]
[Round "?"]
[White "Neumann, Ulrich"]
[Black "MacGabhain, Gearoid"]
[Result "1/2-1/2"]
[WhiteElo "1523"]
[BlackElo "1703"]
[PlyCount "51"]
[EventDate "2010.07.03"]
[EventType "tourn (corr)"]
[EventRounds "4"]
[EventCountry "GER"]
[SourceTitle "Telechess CBM 143"]
[Source "ChessBase"]
[SourceDate "2011.07.15"]
[SourceVersion "1"]
[SourceVersionDate "2011.07.15"]
[SourceQuality "1"]

1. e4 e6 2. d4 a6 3. Nf3 b5 4. Bd3 Bb7 5. 0-0 Nf6 6. e5 Nd5 7. c3 c5 8. dxc5 Bxc5 9. Nbd2 Nc6 10. Ne4 Be7 11. Nd6+ Bxd6 12. exd6 Qb8 13. a4 bxa4 14. Bc2 0-0 15. Bxa4 a5 16. Re1 Nb6 17. Bc2 f5 18. Be3 Nc4 19. b3 Nxe3 20. Rxe3 Ra7 21. Qd2 Qe8 22. Nh4 Qf7 23. Ra4 Qf6 24. Rh3 Nd8 25. Rc4 Bc6 26. Rf4 1/2-1/2

[Event "FICGS W-ch st1 g12 email"]
[Site "FICGS email"]
[Date "2010.07.02"]
[Round "1"]
[White "Kirali, Hasan"]
[Black "MacGabhain, Gearoid"]
[Result "1-0"]
[WhiteElo "1905"]
[BlackElo "1800"]
[PlyCount "53"]
[EventDate "2010.??.??"]
[EventType "tourn (corr)"]
[EventRounds "6"]
[SourceTitle "Corr 2013"]
[Source "ChessBase"]
[SourceDate "2012.11.12"]
[SourceVersion "1"]
[SourceVersionDate "2012.11.12"]
[SourceQuality "1"]

1. e4 Nf6 2. e5 Nd5 3. d4 d6 4. c4 Nb6 5. exd6 exd6 6. Nc3 g6 7. Nf3 Bg7 8. Bg5 Qd7 9. c5 dxc5 10. dxc5 Bxc3+ 11. bxc3 Qxd1+ 12. Rxd1 N6d7 13. Bc4 0-0 14. 0-0 Kg7 15. Rfe1 h6 16. Be7 Re8 17. Nd4 Kg8 18. Bh4 Rxe1+ 19. Rxe1 Nc6 20. Nxc6 bxc6 21. Re7 Nxc5 22. Bxf7+ Kf8 23. Bxg6 Be6 24. Rxc7 Rb8 25. Rxa7 Nd7 26. f4 Rb1+ 27. Bxb1 1-0

[Event "FICGS W-ch st1 g12 email"]
[Site "FICGS email"]
[Date "2010.07.02"]
[Round "1"]
[White "MacGabhain, Gearoid"]
[Black "Comas, Raimundo"]
[Result "0-1"]
[WhiteElo "1800"]
[BlackElo "2026"]
[PlyCount "74"]
[EventDate "2010.??.??"]
[EventType "tourn (corr)"]
[EventRounds "6"]
[SourceTitle "Corr 2013"]
[Source "ChessBase"]
[SourceDate "2012.11.12"]
[SourceVersion "1"]
[SourceVersionDate "2012.11.12"]
[SourceQuality "1"]

1. f4 d5 2. Nf3 Nf6 3. e3 g6 4. b3 Bg7 5. Bb2 0-0 6. g3 c5 7. Bg2 Nc6 8. 0-0 Bf5 9. d3 d4 10. e4 Bd7 11. Nbd2 Ng4 12. Qe2 Ne3 13. Rfc1 f6 14. Nf1 Nxg2 15. Qxg2 e5 16. c3 exf4 17. gxf4 Bh6 18. Qg3 Qb8 19. cxd4 Bxf4 20. Qf2 Bxc1 21. Rxc1 cxd4 22. Nxd4 Ne5 23. Qg3 Qd6 24. Nd2 Rae8 25. Nc4 Nxc4 26. Rxc4 Qxg3+ 27. hxg3 Rc8 28. Kf2 b5 29. Rc1 Rxc1 30. Bxc1 Rc8 31. Ba3 h5 32. Bd6 g5 33. b4 Rc3 34. Ke3 h4 35. gxh4 gxh4 36. Nb3 Be6 37. Nd4 Bc4 0-1